| 000 | 00843nam a22002657a 4500 | ||
|---|---|---|---|
| 001 | 8643 | ||
| 003 | FISKH | ||
| 005 | 20251007141358.0 | ||
| 008 | 251007b cb ||||| |||| 00| 0 eng d | ||
| 040 |
_aFISKH _beng _cFISKH _dFISKH |
||
| 050 | _aPZ7.M462 L | ||
| 082 | _a428.1 | ||
| 100 | _aMayer, Mercer | ||
| 245 |
_aLittle monster at work / _cby Mercer Mayer |
||
| 250 | _aThis edition published in 1980 | ||
| 260 |
_aNew York : _bWestern Publishing, _c1978. |
||
| 300 |
_a45 pages : _bcolor illustrations ; _c26 cm |
||
| 505 | _aQ | ||
| 520 | _aTraveling with his grandfather, a little monster discovers the variety of occupations in his community. | ||
| 521 | 8 |
_a660
_bLexile estimate |
|
| 521 | 8 |
_aQ
_bRaz-Plus |
|
| 650 |
_aCommunity Helpers _vJuvenile Fiction _xPicture Book |
||
| 942 |
_2ddc _cBK _n0 |
||
| 999 |
_c8643 _d8643 |
||